Technical change and the urban development cycle (Record no. 2879)
[ view plain ]
| 000 -LEADER | |
|---|---|
| fixed length control field | 01423cab a2200241 4500 |
| 001 - CONTROL NUMBER | |
| control field | ABS37470 |
| 008 - FIXED-LENGTH DATA ELEMENTS--GENERAL INFORMATION | |
| fixed length control field | 090401t1987 xxu||||| |||| 00| 0 eng d |
| 035 ## - SYSTEM CONTROL NUMBER | |
| System control number | (Sirsi) u4753 |
| 041 ## - LANGUAGE CODE | |
| Language code of text/sound track or separate title | eng |
| 100 ## - MAIN ENTRY--PERSONAL NAME | |
| Personal name | Barras, R. |
| 245 ## - TITLE STATEMENT | |
| Title | Technical change and the urban development cycle |
| 260 ## - PUBLICATION, DISTRIBUTION, ETC. | |
| Date of publication, distribution, etc. | 1987 |
| 350 ## - PRICE (NR) (BK AM CF MU VM SE) [OBSOLETE] | |
| Price | 0 |
| 490 ## - SERIES STATEMENT | |
| Series statement | Urban Studies |
| Volume/sequential designation | 24 (1) February 1987, 5-30 (25) |
| 520 ## - SUMMARY, ETC. | |
| Summary, etc. | The paper describes the pronounced `long swings` or ` urban development cycles" of 20-30 years duration which have created successive waves of urbanisation in the British economy since the Industrial Revolution, and which can be related to successive long waves of technological development within the economy as a whole. A more detailed examination of the post-war period shows that in each sector of building two types of shorter cycles, causing pronounced building booms and slumps, are superimposed on the dominant long swing of post-war urban development. The discussion concludes by examining the prospects for the next urban development cycle in Britain related to a new wave of micro-electronic and information technologies and then draws out the main policy implications of the analysis. References. (Taken from Journal Abstract). |
| 650 ## - SUBJECT ADDED ENTRY--TOPICAL TERM | |
| Topical term or geographic name entry element | CONSTRUCTION INDUSTRY |
| 650 ## - SUBJECT ADDED ENTRY--TOPICAL TERM | |
| Topical term or geographic name entry element | ECONOMY |
| 650 ## - SUBJECT ADDED ENTRY--TOPICAL TERM | |
| Topical term or geographic name entry element | HISTORY |
| 650 ## - SUBJECT ADDED ENTRY--TOPICAL TERM | |
| Topical term or geographic name entry element | HOUSE BUILDING |
| 690 ## - LOCAL SUBJECT ADDED ENTRY--TOPICAL TERM (OCLC, RLIN) | |
| Topical term or geographic name as entry element | BUILT ENVIRONMENT |
| 942 ## - ADDED ENTRY ELEMENTS (KOHA) | |
| Suppress in OPAC | 0 |
| 948 ## - LOCAL PROCESSING INFORMATION (OCLC); SERIES PART DESIGNATOR (RLIN) | |
| c (OCLC) | 04/03/1997 |
| Withdrawn status | Lost status | Source of classification or shelving scheme | Damaged status | Not for loan | Home library | Current library | Shelving location | Date acquired | Total Checkouts | Full call number | Barcode | Date last seen | Copy number | Price effective from | Koha item type |
|---|---|---|---|---|---|---|---|---|---|---|---|---|---|---|---|
| Dewey Decimal Classification | London | London | Journal article | 14/09/1999 | ABS37470 | 4753-1001 | 06/08/2019 | 1 | 06/08/2019 | Journal article |